1761 1686 1612 1658 1894 1260 1173 1861 1113 1997 1382 1476 1660 1449 1657 1726 1463 1956 1028 1077 1160 1888 1268 1918 1663 1957 1147 1201 1555 1725 1254 1630 1862 1792 1198 1812 1207 1692 1448 1857 1523 1155 1245 1477 1005 1012 1651 1978 1226 1402 1640 1783 1914 1323 1084 1472 1993 1277 1983 1037 1956 1248 1692 1119 1997 1342 1736 1483 1600 1010 1987 1291 1109 1216 1322 1080 1303 1884 1555 1913 1525 1186 1380 1911 1476 1664 1404 1441 1523 1606 1911 1122 1013 1209 1009 1119 1377 1797 1976 BCNSPRNW ULIB Ver.6.0+V

เปลี่ยนเป็นภาษาไทย

Change to English
 แสดงรายละเอียดบรรณานุกรม
  กลับหน้าหลัก

Brief Record : Get Marc (ISO 2709) : E-mail record : QR code < ปิดหน้าต่าง
LEADER : 00000nam 2200000uu 4500
001    13399120544
003     ULIB
008    120924s2550||||th 000 0 tha d
020    ^a9789741107292
060 04 ^aWB890^bส265อ 2550
100 0  ^aสมพร กันทรดุษฎี-เตรียมชัยศรี
245 10 ^aอภิธานศัพท์ :^bในการดูแลผสมผสานและการดูแลสุขภาพทางเลือกทางการพยาบาลและการพยาบาลสาธารณสุข = Glossary of complementary and alternative health care and terms in nursing and public health nursing /^cสมพร กันทรดุษฎี-เตรียมชัยศรี
246 31 ^aGlossary of complementary and alternative health care andterms in nursing and public health nursing
250    ^aพิมพ์ครั้งที่ 1
260    ^aกรุงเทพฯ :^bภาควิชาการพยาบาลสาธารณสุข คณะสาธารณสุขศาสตร์มหาวิทยาลัยมหิดล,^c2550
300    ^a154 หน้า ;^c21 ซม.
650  7 ^aการพยาบาลสาธารณสุข^vอภิธานศัพท์
650  7 ^aการแพทย์ทางเลือก^vอภิธานศัพท์
650  7 ^aสุขภาพ^vอภิธานศัพท์
710 2  ^aมหาวิทยาลัยมหิดล. ^bคณะสาธารณสุขศาสตร์.^bภาควิชาการพยาบาลสาธารณสุข
945    ^p160^l0^i14296
945    ^p160^l0^i14788
995    ^aกัณชพร
999 ^a ใช้งานได้ทุกระบบ
รายการนี้ยังไม่มีแท็ก
คุณยังไม่ได้ล็อกอิน คุณสามารถมีกิจกรรมร่วมกับเว็บไซต์ได้ แต่ต้องล็อกอินก่อน ::
  ล็อกอิน

รายการสื่อสารสนเทศ

ลำดับที่ ประเภท เลขเรียก/บาร์โค้ด สถานที่ สถานะ
1. วิทยาศาสตร์การแพทย์ และสุขภาพ
วิทยาศาสตร์การแพทย์ และสุขภาพ
WB890 ส265อ 2550  
  Barcode: 14296
ห้องสมุดวิทยาเขตสวรรค์ประชารักษ์
►ส่วนจัดเก็บหนังสือเก่า สปร
บนชั้น
  ขอยืม
2. วิทยาศาสตร์การแพทย์ และสุขภาพ
วิทยาศาสตร์การแพทย์ และสุขภาพ
WB890 ส265อ 2550 ฉ.2 
  Barcode: 14788
ห้องสมุดวิทยาเขตสวรรค์ประชารักษ์
►ส่วนจัดเก็บหนังสือเก่า สปร
บนชั้น
  ขอยืม

รายการใกล้เคียง
    ผู้แต่ง [สมพร กันทรดุษฎี-เตรียมชัยศรี]

BibComment


ยังไม่เคยถูกคอมเมนท์

คอมเมนท์ทรัพยากรรายการนี้
  คอมเมนท์: อภิธานศัพท์ ในก..


 Copyright 2026. Bcnsprnw @Library